Normal view
MARC view
- Collins, William J
Entry Personal Name
001 - CONTROL NUMBER
- control field: 112848
003 - CONTROL NUMBER IDENTIFIER
- control field: NUST
005 - DATE AND TIME OF LATEST TRANSACTION
- control field: 20230530095533.0
008 - FIXED-LENGTH DATA ELEMENTS
- fixed length control field: 230530|| aca||aabn | a|a d
040 ## - CATALOGING SOURCE
- Original cataloging agency: NUST
- Transcribing agency: NUST
100 ## - HEADING--PERSONAL NAME
- Personal name: Collins, William J
670 ## - SOURCE DATA FOUND
- Source citation: Work cat.: (NUST)179118: Collins, William J., Intermediate Pascal programming : , c1986.
